Главный мотив вступления России в ВТО: аргументы "за" и "против"; Экономика России в XXI веке

Dades bibliogràfiques
Parent link:Экономика России в XXI веке.— 2013.— [С. 104-106]
Autor principal: Николаева А. М. Анастасия Михайловна
Autor corporatiu: Национальный исследовательский Томский политехнический университет (ТПУ) Институт социально-гуманитарных технологий (ИСГТ) Кафедра экономики (ЭКОН)
Altres autors: Ермушко Ж. А. Жанна Александровна (научный руководитель)
Sumari:Заглавие с титульного экрана
Представлены положительные и отрицательные аспекты вступления в ВТО. Рассмотрены основные возникшие проблемы. Проанализированы основные источники данных проблем. Показано неравномерное влияние условий ВТО на регионы РФ. Сделаны выводы о мотивах вступления в престижную торговую организацию.
Idioma:rus
Publicat: 2013
Col·lecció:Проблемы теории и методологии экономической науки
Matèries:
Accés en línia:http://www.lib.tpu.ru/fulltext/c/2013/C40/035.pdf
Format: Electrònic Capítol de llibre
KOHA link:https://koha.lib.tpu.ru/cgi-bin/koha/opac-detail.pl?biblionumber=606232

MARC

LEADER 00000naa2a2200000 4500
001 606232
005 20231101132407.0
035 |a (RuTPU)RU\TPU\conf\3611 
035 |a RU\TPU\conf\3606 
090 |a 606232 
100 |a 20140522d2013 k y0rusy50 ca 
101 0 |a rus 
102 |a RU 
105 |a y z 101zy 
135 |a drgn ---uucaa 
181 0 |a i  
182 0 |a b 
200 1 |a Главный мотив вступления России в ВТО: аргументы "за" и "против"  |f А. М. Николаева  |g науч. рук. Ж. А. Ермушко 
203 |a Текст  |c электронный 
225 1 |a Проблемы теории и методологии экономической науки 
230 |a 1 компьютерный файл (pdf; 350 Кб) 
300 |a Заглавие с титульного экрана 
320 |a [Библиогр.: с. 106 (4 назв.)] 
330 |a Представлены положительные и отрицательные аспекты вступления в ВТО. Рассмотрены основные возникшие проблемы. Проанализированы основные источники данных проблем. Показано неравномерное влияние условий ВТО на регионы РФ. Сделаны выводы о мотивах вступления в престижную торговую организацию. 
337 |a Adobe Reader 
463 0 |0 (RuTPU)RU\TPU\conf\3320  |t Экономика России в XXI веке  |o сборник научных трудов Х Всероссийской научно-практической конференции "Фундаментальные проблемы модернизации экономики России", г. Томск, 19-23 ноября 2013 г.  |f Национальный исследовательский Томский политехнический университет (ТПУ) ; под ред. Г. А. Барышевой и др.  |v [С. 104-106]  |d 2013 
610 1 |a труды учёных ТПУ 
610 1 |a электронный ресурс 
610 1 |a Россия 
610 1 |a ВТО 
610 1 |a аспекты 
610 1 |a мотивы 
610 1 |a торговые организации 
700 1 |a Николаева  |b А. М.  |c специалист в области внешнеэкономической деятельности  |c менеджер Томского политехнического университета  |f 1995-  |g Анастасия Михайловна  |2 stltpush  |3 (RuTPU)RU\TPU\pers\38861 
702 1 |a Ермушко  |b Ж. А.  |c экономист  |c доцент Томского политехнического университета, кандидат экономических наук  |f 1965-  |g Жанна Александровна  |2 stltpush  |4 727 
712 0 2 |a Национальный исследовательский Томский политехнический университет (ТПУ)  |b Институт социально-гуманитарных технологий (ИСГТ)  |b Кафедра экономики (ЭКОН)  |h 149  |2 stltpush  |3 (RuTPU)RU\TPU\col\18375 
801 2 |a RU  |b 63413507  |c 20170628  |g RCR 
856 4 |u http://www.lib.tpu.ru/fulltext/c/2013/C40/035.pdf 
942 |c BK